000 01020cam a22002411 4500
001 gs 22000404
003 DLC
005 20260227111327.0
008 800315s1922 kyuab b s000 0 eng c
010 _ags 22000404
035 _a(OCoLC)6084942
040 _aLibrary, U.S. Geological Survey
_cNAlfC
_dOCoLC
_dNSbSU
_dDLC
042 _apremarc
050 0 0 _aTN942
_b.R383
100 1 _aRies, Heinrich,
_d1871-1951.
245 1 4 _aThe clay deposits of Kentucky.
_bAn economic consideration of the pottery, brick, and tile clays, fire clays, and shales of Kentucky, with notes on their industrial development,
_cby Heinrich Ries ... Illustrated with sixty-three photographs, maps, and diagrams.
250 _a1st ed.,
_a500 copies.
260 _aFrankfort, Ky.,
_bThe Kentucky Geological survey,
_c1922.
300 _a[9], 241 p.
_billus., fold. maps, tables.
_c24 cm.
490 0 _aKentucky. Geological survey, 1920- Series 6. [Geologic reports]
_vv.8
504 _aBibliography: p. 234-235.
650 0 _aClay
_zKentucky
999 _c26196
_d26196